000 00854nam a2200241Ia 4500
001 9963
003 OSt
005 20260325084616.0
008 211022s9999 xx 000 0 und d
040 _cIVS
082 _a618.4 LAM
_b9963
100 _aLamaze, Fernand
245 0 _aPainless childbirth:
260 _aChicago
260 _bHenry Regnery
260 _c1970
300 _apages 192
520 _aA guide to the Lamaze method of childbirth, focusing on natural, pain-reducing techniques through breathing exercises, relaxation, and psychological preparation. The book explains how expectant mothers can manage labor with minimal medical intervention, emphasizing education, partner support, and confidence during childbirth.
650 _aChildbirth
650 _aNatural childbirth
650 _aPregnancy care
942 _cBK
_2ddc
_n0
999 _c9886
_d9886